| 000 | 00297 a2200109 4500 | ||
|---|---|---|---|
| 001 | 58734 | ||
| 082 | _a305.455 POY | ||
| 090 |
_c36050 _d36050 |
||
| 100 | _aPoya, Maryam | ||
| 245 | _aWomen, work and islamism; ideology and resistance of Iran | ||
| 260 |
_aKarachi _bOxford university Press _c1999 |
||
| 942 |
_aNUST-CAE _k305.455 POY |
||
| 999 |
_c293807 _d293807 |
||